[Event "Bratto op-C 35th"]
[Site "Bratto"]
[Date "2015.08.29"]
[Round "7.18"]
[White "Colombo, Abner"]
[Black "Bendinelli, Barbara"]
[Result "0-1"]
[WhiteElo "1307"]
[BlackElo "1440"]
[PlyCount "47"]
[EventDate "2015.08.23"]
[EventType "swiss"]
[EventRounds "8"]
[EventCountry "ITA"]
[SourceTitle "EXT 2022"]
[Source "ChessBase"]
[SourceDate "2021.10.06"]
[SourceVersion "1"]
[SourceVersionDate "2021.10.06"]
[SourceQuality "1"]

1. f4 Nf6 2. Nf3 d5 3. e3 Nc6 4. Be2 e6 5. 0-0 Bd6 6. d4 0-0 7. c4 Be7 8. Nc3 a6 9. Ne5 Nb8 10. c5 Nc6 11. Nxc6 bxc6 12. Qc2 a5 13. Rd1 Ba6 14. Bf3 Nd7 15. e4 f6 16. exd5 cxd5 17. f5 Kh8 18. Be2 Nb8 19. Bxa6 Nxa6 20. a3 Qd7 21. Qf2 Rg8 22. Rd3 Qe8 23. Rh3 g6 24. Ne2 0-1

[Event "Bratto op-C 35th"]
[Site "Bratto"]
[Date "2015.08.25"]
[Round "3.18"]
[White "Bendinelli, Barbara"]
[Black "Strada, Giorgio"]
[Result "1/2-1/2"]
[WhiteElo "1440"]
[BlackElo "1365"]
[PlyCount "58"]
[EventDate "2015.08.23"]
[EventType "swiss"]
[EventRounds "8"]
[EventCountry "ITA"]
[SourceTitle "EXT 2022"]
[Source "ChessBase"]
[SourceDate "2021.10.06"]
[SourceVersion "1"]
[SourceVersionDate "2021.10.06"]
[SourceQuality "1"]

1. d4 d5 2. Bf4 c6 3. c4 e6 4. e3 Nf6 5. Nc3 Nbd7 6. Nf3 Be7 7. Bd3 dxc4 8. Bxc4 0-0 9. Bd3 b6 10. 0-0 Bb7 11. Ne4 c5 12. Qc2 Nxe4 13. Bxe4 Bxe4 14. Qxe4 Bf6 15. Rad1 Qe8 16. Bd6 Be7 17. Bxe7 Qxe7 18. d5 Nf6 19. d6 Qxd6 20. Qxa8 Qc7 21. Qxf8+ Kxf8 22. h3 e5 23. Nd2 b5 24. Rc1 Qa5 25. Nf3 e4 26. Ne5 Qc7 27. Ng4 Nxg4 28. hxg4 Ke7 29. Rfd1 c4 1/2-1/2